Регионална библиотека "Любен Каравелов" - Русе

Мястото на човека в космоса (Запис номер 134546)

MARC детайли
000 -Лидер
Контролно поле с фиксирана дължина 01581nam a2200325 c 4500
003 - Код на организацията, давaща контролен номер
Контролно поле BLK
005 - Дата и час на последна редакция
Контролно поле 20201020164834.0
008 - Елементи от данни с фиксирана дължина
fixed length control field 180409b bul|||||r ||||||| ||bul||
010 ## - Наследен системен номер
LC control number KNG00140460000
040 ## - Източник на каталожния запис
Идентификатор на билиотеката - собственик на записа BLK
041 ## - Код за език
Код за езика на текст/звукозапис или на отделно заглавие Български
Код за езика КДБФ Български
080 ## - УДК
Текстов определител УДК Схоластична философия. Терминизъм. Концептуализъм. Неосхоластицизъм. Философска антропология
УДК код - определител по УДК 141.31
УДК определител
УДК - код + определител 141.31
100 1# - Редна дума - Автор
Автор Шелер, Макс
Авторска отговорност първи автор
R(LIN) 324452
139 ## - Редно поле
Редна дума Шелер, Макс
Авторски знак Шел - Ш 51
245 10 - Сведения за заглавието
Заглавие Мястото на човека в космоса
Подзаглавни данни Изследване
Редно поле (дума) Макс Шелер; прев. от нем. Ренета Д. Килева.
257 ## - Страна на издаване
Страна на създаване/издаване Германия
260 ## - Област на издателските данни
-- София ; Плевен
Име на издателя, разпространителя и проч. Евразия
-- Абагар
Година на издаване 1991
300 ## - Физическа характеристика
Страници 104 с.
Размери/Мащаб 20 см
380 ## - Жанр
Жанр Философия
490 1# - СЕРИИ (Колекции)
Име на серия Библиотека Съвременни философи
№: серия № 3
500 ## - Общи забележки
Забележка Ориг. загл. Die Stellung des Menschen im Kosmos / Max Scheler. - Съдържа и Шелер : Метафизика на духа и порива / Пл. Градинаров.
650 #4 - Допълнително описание по предмет – тема
Основно описание – тема или топоним Антропология, философска
9 (RLIN) 252429
653 ## - Ключова дума – ненормативна
Ключова дума философска антропология
700 1# - Други автори (авторска отговорност)
Лично име Килева, Ренета Д.
Автороска отговорност (Описва отношението между автора и произведението) прев. от нем.
9 (RLIN) 324453
852 ## - Местоположение
Форматна сигнатура Цб 167390
856 4# - Електронен адрес и достъп
Електронен формат pdf - файл
Път до файла /url/
856 4# - Електронен адрес и достъп
Електронен формат pdf - файл
Път до файла /url/
942 ## - АРТИКУЛИ
Вид на библиотечния материал Книги
Скрит в OPAC Не
Koha issues (borrowed), all copies 1
944 ## - СЪЗДАВАНЕ И РЕДАКЦИЯ на ЗАПИСА
Създаване/Редакция Създаване
Дата на регистрацията/редакция 07.03.2013
Статус, дата на статуса 07.03.2013 - от С1,Р / 07.03.2013
Служител, извършил регистрацията/редакцията Диана_Димитрова
944 ## - СЪЗДАВАНЕ И РЕДАКЦИЯ на ЗАПИСА
Създаване/Редакция Редакция
Дата на регистрацията/редакция 07.03.2013
Статус, дата на статуса 07.03.2013 - от С1,Р / 07.03.2013
Служител, извършил регистрацията/редакцията
999 ## - СИСТЕМНИ КОНТРОЛНИ НОМЕРА
Koha biblionumber 134546
Koha biblioitemnumber 134546
Наличности
Код за отписване Код за изгубен артикул Източник на класификационната схема Код за повреда Коз за рестрикции Код за отдаване Артикулен № Име на библиотеката - собственик Име на библиотеката, в която се намира в момента Статус (Текущо местоположение) Дата на вписване в системата Местоположение - отдел Цена в лева Инвентарен номер Систематично азбучна сигнатура Баркод Номер на екземпляра Цена в евро Служебна бележка Служебен тип на артикула
  Не е изгубен Universal Decimal Classification Не е повреден без рестрикции ползва се в читалня 219845 Регионална библиотека "Любен Каравелов" Русе Регионална библиотека "Любен Каравелов" Русе Хранилище 1991-01-01 Хранилище 10.00 562108 Цб 167390 120000562108 1 5.11 Дост: Dp Вид: Д N: стар фонд Дата: 01.01.1991 Книги
Изтеглен Не е изгубен Universal Decimal Classification Не е повреден без рестрикции заемане за дома 219846 Регионална библиотека "Любен Каравелов" Русе Регионална библиотека "Любен Каравелов" Русе Заемна - подръчен фонд 1991-01-01 Заемна - подръчен фонд 6.95 562929 П 14/Ш 51 562929 2 3.55 Дост: Pk Вид: Ф N: стар фонд Дата: 01.01.1991 Дата инв: 01.02.2018 Бележки инв: П2018 Книги
Изтеглен Не е изгубен Universal Decimal Classification Не е повреден без рестрикции заемане за дома 219847 Регионална библиотека "Любен Каравелов" Русе Регионална библиотека "Любен Каравелов" Русе Заемна - подръчен фонд 1991-01-01 Заемна - подръчен фонд 6.95 562931 П 14/Ш 51 562931 3 3.55 Дост: Pk Вид: Ф N: стар фонд Дата: 01.01.1991 Дата инв: 01.02.2018 Бележки инв: П2018 Книги
Изтеглен Не е изгубен Universal Decimal Classification Не е повреден без рестрикции заемане за дома 219848 Регионална библиотека "Любен Каравелов" Русе Регионална библиотека "Любен Каравелов" Русе Заемна - подръчен фонд 1991-01-01 Заемна - подръчен фонд 0.00 650630 П 14/Ш 51 650630 4 0.00 Дост: Pk Вид: Ф N: стар фонд Дата: 01.01.1991 Дата инв: 01.02.2018 Бележки инв: П2018 Книги
Vip Innovations Ltd, Rousse, Bulgaria 2025